International trade and development (Record no. 30493)

MARC details
000 -LEADER
fixed length control field 00283nam a2200109Ia 4500
082 ## - DEWEY DECIMAL CLASSIFICATION NUMBER
Classification number 339.5
Item number MEI
100 ## - MAIN ENTRY--AUTHOR NAME
Personal name MEIER, Gerald M
245 #0 - TITLE STATEMENT
Title International trade and development
260 ## - PUBLICATION, DISTRIBUTION, ETC. (IMPRINT)
Place of publication New York
Name of publisher Harper & Row
Year of publication 1963
942 ## - ADDED ENTRY ELEMENTS (KOHA)
Koha item type Books
Holdings
Withdrawn status Lost status Damaged status Not for loan Home library Current library Date acquired Full call number Accession Number Koha item type
      Write off RRII Library RRII Library 16/12/2021 339.5 MEI 11065 Books